Famous People From Quebec - Statistics

General Stats
  • This quiz has been taken 39 times
  • The average score is 7 of 16
Answer Stats
Hint From Answer % Correct
Canadian Singer, "My Heart will go on" Charlemagne Celine Dion
91%
15th Prime Minister of Canada, namesake for Montreal's main airport. Montreal Pierre Elliot Trudeau
82%
Film Director, works of his includes "Dune" and "Blade Runner 2049" Gentilly Denis Villeneuve
62%
Songwriter,singer, poet and novelist. Known for his song of "Hallelujah" Westmount Leonard Cohen
62%
Current and 32nd premier of Quebec Sainte-Anne-de-Bellevue Francois Legault
53%
Canadiens Legend nicknamed "The Rocket" Montreal Maurice Richard
53%
Former Welterweight and Middleweight champion for the UFC Saint-Isidore Georges St-Pierre
50%
Former Quebec Premier, founded the Parti Québécois in 1968 New Carlisle René Lévesque
47%
Current F1 Driver for Aston Martin Montreal Lance Stroll
38%
Pittsburgh Penguins Legend, 2nd All-Time in points per game (1.88) Montreal Mario Lemieux
32%
20th Prime Minister of Canada served from 1993-2003 Shawinigan Jean Chrétien
29%
NHL Goalie, hold record for most career wins at 691. Montreal Martin Brodeur
29%
Actor who is known for his role of Captain Kirk in Star Trek Montreal William Shatner
24%
Businessman, known as "Mr. Wonderful" features on the tv show Dragon's Den. Montreal Kevin O'Leary
18%
3rd Prime Minister of Canada, namesake for major English college in Montreal. Saint-André-d'Argenteuil John Abbott
15%
Stand up comedian and actor, former Saturday Night Live cast member Quebec City Norm Macdonald
12%
No matching quizzes found
Score Distribution
Percent of People with Each Score
Percentile by Number Answered
Your Score History
You have not taken this quiz